000 01876nam0a2200349 4500
001 RU\NLR\BIBL_A\022567859
005 20250828161752.0
021 _aRU
_bЖЛ-П-25-016180
_9ЖЛ-П-25-1004
035 _a(NLR Aleph) 022567859
090 _a13675287
_c13675287
100 _a20250617d2025 k y0rusy50 ca
101 0 _arus
_deng
102 _aRU
105 _aa z 000zy
181 0 _ai3
_baxxe
182 0 _an
200 1 _aРазвиитие технологии повторной добычи руды из междукамерных целиков, оставленных в зонах обрушения на завершающей стадии отработки Жезказганского месторождения
_fД. К. Бекбергенов, А. А. Зейнуллин
203 _aТекст
_bвизуальный
_cнепосредственный
210 _aМосква
_cГорная книга
_d2025
215 _a20 c.
_cил.
_d21
225 1 _aГорный информационно-аналитический бюллетень
_v№ 2
_iСпециальный выпуск
_v4
_x0236-1493
300 _aРез. на англ. яз.
320 _aБиблиогр.: с. 17-18 (12 назв.)
606 1 _aМедные руды
_xМесторождения
_xСистемы разработки
_yЖезказганский рудник
_2nlr_sh1
_2nlr_sh2
_3RU\NLR\AUTH\66678526
686 1 _aИ333.210.125
700 1 _aБекбергенов
_bД. К.
_gДосанбай Калдарбаевич
701 1 _aЗейнуллин
_bА. А.
_gАбдикарим Абжалелович
942 _cBOOK
980 _aNB